LEADER 01410nam a2200325 a 4500 001 000000121182 003 CaOOAMICUS 005 20100413135304.0 008 100413s2010 it u000 u ita r 020 $a978-88-211-6662-4 040 $aPUL$bita$dReb 082 04$a193 245 00$aCapire Wittgenstein /$cM. Black [et al.] ; a cura di Marilena Andronico, Diego Marconi, Carlo Penco. 260 $aGenova ;$aMilano :$bMarietti,$c2010. 300 $a345 p. ;$c21 cm 490 1 $aCollana di filosofia ;$v30 504 $aBibliografia: p. [319]-336. 600 14$aWittgenstein, Ludwig,$d1889-1951$xFilosofia.$0(OLS)http://pul/subject/2057 700 1 $aAndronico, Marilena.$0(OLS)http://pul/name/41786 700 1 $aPenco, Carlo.$0(OLS)http://pul/name/26559 700 1 $aMarconi, Diego,$d1947-$0(OLS)http://pul/name/9910 700 1 $aBlack, M.$0(OLS)http://pul/name/43812 830 0$aCollana di filosofia (Marietti) ;$v30.$0(OLS)http://pul/title/8088 850 $aPUL 852 $aPUL$W1$xSL Filosofia 3$y81$m193 ANDMA 1$j138947$qDDC 21$B138186$CPULBib$Z2$F138186 $H113286 $82 941 1 $a9 996 $6020$a978-88-211-6662-4$9(OLS)http://pul/number/143837 996 $6082$a193$9(OLS)http://pul/classification/412 996 $6245$aCapire Wittgenstein$9(OLS)http://pul/title/86437 996 $6260$aGenova ;$aMilano :$bMarietti$9(OLS)http://pul/publisher/74601 LEADER 01401nam a2200325 a 4500 001 000000143738 003 CaOOAMICUS 005 20150603093810.0 008 150603s2015 it u000 u ita r 020 $a978-88-465-1019-8 040 $aPUL$bita 082 04$a230 100 1 $aSteffan, Mariano.$0(OLS)http://pul/name/37488 245 10$aDavide e la sua corporeitą tra armonie e conflitti :$bpsicologia e Bibbia in dialogo /$cMariano Steffan. 260 $aCittą del Vaticano :$bLateran University Press,$c©2015. 300 $a147 p. ;$c21 cm 490 1 $aVivae voces ;$v30 504 $aInclude indice e bibliografia. 600 04$aDavid,$cre d'Israele.$0(OLS)http://pul/subject/7635 830 0$aVivae voces ;$v30.$0(OLS)http://pul/title/165512 850 $aPUL 852 $aPUL$W1$xSL Religione 3$y85$m230 COLL 7.30$j165837$qDDC 21$B166210$CPULBib$Z2$F166210 $H125992 $82 941 1 $a9 960 $aDavid,$cKing of Israel.$97635 960 $aDavide,$cre d'Israele$97635 996 $6020$a978-88-465-1019-8$9(OLS)http://pul/number/157705 996 $6082$a230$9(OLS)http://pul/classification/368 996 $6245$aDavide e la sua corporeitą tra armonie e conflitti :$bpsicologia e Bibbia in dialogo$9(OLS)http://pul/title/181842 996 $6260$aCittą del Vaticano :$bLateran University Press$9(OLS)http://pul/publisher/74585